| 000 | 00415cam a2200169ua 4500 | ||
|---|---|---|---|
| 020 | _c11.50 | ||
| 041 |
_aeng _h |
||
| 082 |
_a030 _bBHA/GE |
||
| 100 | _aBhatnagar, K B . | ||
| 245 |
_aGeneral knowledge encyclopaedia / _cK B Bhatnagar. _hTextual Documents |
||
| 260 |
_aDelhi : _bMalhotra brothers , _c1964. |
||
| 300 | _a894 ; . | ||
| 365 | _a11.50 | ||
| 504 | _a | ||
| 942 | _cBK | ||
| 999 |
_c9103 _d9103 |
||